Economics concepts and principles : (Record no. 2425)

MARC details
000 -LEADER
fixed length control field 00951nam a22002657a 4500
003 - CONTROL NUMBER IDENTIFIER
control field OSt
005 - DATE AND TIME OF LATEST TRANSACTION
control field 20250108014803.0
008 - FIXED-LENGTH DATA ELEMENTS--GENERAL INFORMATION
fixed length control field 250108b |||||||| |||| 00| | eng d
020 ## - INTERNATIONAL STANDARD BOOK NUMBER
International Standard Book Number 978-971-23-6233-0
040 ## - CATALOGING SOURCE
Transcribing agency JMCFI - Learning Resource Center
082 ## - DEWEY DECIMAL CLASSIFICATION NUMBER
Classification number Fil./B.Acctg. 330 Ec19 2012
100 ## - MAIN ENTRY--PERSONAL NAME
Personal name Gabay, Bon Kristoffer G
9 (RLIN) 4998
245 ## - TITLE STATEMENT
Title Economics concepts and principles :
Remainder of title with agrarian reform and taxation /
Statement of responsibility, etc. Bon Kristoffer G. Gabay, [and 3 others].
250 ## - EDITION STATEMENT
Edition statement Second edition.
260 ## - PUBLICATION, DISTRIBUTION, ETC.
Place of publication, distribution, etc. Manila :
Name of publisher, distributor, etc. Rex Book Store, Inc.,
Date of publication, distribution, etc. 2012.
300 ## - PHYSICAL DESCRIPTION
Extent xvi, 236 pages :
Other physical details black and white, illus. ;
Dimensions 25 cm
500 ## - GENERAL NOTE
General note Includes indexes and glossary.
650 ## - SUBJECT ADDED ENTRY--TOPICAL TERM
Topical term or geographic name entry element Economics.
9 (RLIN) 1699
650 ## - SUBJECT ADDED ENTRY--TOPICAL TERM
Topical term or geographic name entry element Land reform
General subdivision Taxation.
9 (RLIN) 4999
650 ## - SUBJECT ADDED ENTRY--TOPICAL TERM
Topical term or geographic name entry element Consumer behavior.
9 (RLIN) 1759
700 ## - ADDED ENTRY--PERSONAL NAME
Personal name Remotin, Roberto Jr. M
9 (RLIN) 5000
700 ## - ADDED ENTRY--PERSONAL NAME
Personal name Uy, Edgar Allan M
9 (RLIN) 5001
700 ## - ADDED ENTRY--PERSONAL NAME
Personal name Pzarro-Uy, Anna Corinna D
9 (RLIN) 5002
942 ## - ADDED ENTRY ELEMENTS (KOHA)
Source of classification or shelving scheme Dewey Decimal Classification
Koha item type Books
Edition Second edition
Suppress in OPAC No
Holdings
Withdrawn status Lost status Source of classification or shelving scheme Damaged status Not for loan Home library Current library Shelving location Date acquired Total Checkouts Full call number Barcode Date last seen Copy number Price effective from Koha item type
    Dewey Decimal Classification     LRC - College (Main) LRC - College (Main) Filipiniana - Business and Accounting 11/19/2013   Fil./B.Acctg. 330 Ec19 2012 c1 00004492 01/08/2025 1 01/08/2025 Books
    Dewey Decimal Classification     LRC - College (Main) LRC - College (Main) Filipiniana - Business and Accounting 11/19/2013   Fil./B.Acctg. 330 Ec19 2012 c2 00004493 01/08/2025 2 01/08/2025 Books
    Dewey Decimal Classification     LRC - College (Main) LRC - College (Main) Filipiniana - Business and Accounting 11/19/2013   Fil./B.Acctg. 330 Ec19 2012 c3 00004494 01/08/2025 3 01/08/2025 Books
    Dewey Decimal Classification     LRC - College (Main) LRC - College (Main) Filipiniana - Business and Accounting 11/19/2013   Fil./B.Acctg. 330 Ec19 2012 c4 00004495 01/08/2025 4 01/08/2025 Books
    Dewey Decimal Classification     LRC - College (Main) LRC - College (Main) Filipiniana - Business and Accounting 11/19/2013   Fil./B.Acctg. 330 Ec19 2012 c5 00004496 01/08/2025 5 01/08/2025 Books